Report. (Record no. 68050)

MARC details
000 -LEADER
fixed length control field 00710cam a22002291 4500
001 - CONTROL NUMBER
control field sa 66001890
003 - CONTROL NUMBER IDENTIFIER
control field DLC
005 - DATE AND TIME OF LATEST TRANSACTION
control field 20260227112225.0
008 - FIXED-LENGTH DATA ELEMENTS--GENERAL INFORMATION
fixed length control field 870825s1964 ii 000 0 eng
010 ## - LIBRARY OF CONGRESS CONTROL NUMBER
LC control number sa 66001890
025 ## - OVERSEAS ACQUISITION NUMBER
Overseas acquisition number PL480:I-E-4412
035 ## - SYSTEM CONTROL NUMBER
System control number (OCoLC)16533828
040 ## - CATALOGING SOURCE
Original cataloging agency DLC
Transcribing agency WaU
Modifying agency WaU
-- DLC
042 ## - AUTHENTICATION CODE
Authentication code premarc
050 00 - LIBRARY OF CONGRESS CALL NUMBER
Classification number JQ620.A7
Item number A5
110 1# - MAIN ENTRY--CORPORATE NAME
Corporate name or jurisdiction name as entry element Andhra Pradesh (India).
Subordinate unit Finance Department.
-- Two-Man Committee.
245 00 - TITLE STATEMENT
Title Report.
260 ## - PUBLICATION, DISTRIBUTION, ETC.
Place of publication, distribution, etc. Hyderabad,
Name of publisher, distributor, etc. Printed by the Director of Printing at the Govt. Secretariat Press,
Date of publication, distribution, etc. 1964.
300 ## - PHYSICAL DESCRIPTION
Extent ii, 135 p.
Dimensions 25 cm.
500 ## - GENERAL NOTE
General note Cover title.
651 #0 - SUBJECT ADDED ENTRY--GEOGRAPHIC NAME
Geographic name Andhra Pradesh (India)
General subdivision Officials and employees
-- Salaries, etc.

No items available.

Powered by Koha